| 000 | 00000nam##2200000za#4500 |
| 001 | 9.600536 |
| 003 | CaOODSP |
| 005 | 20210624205629 |
| 007 | cr ||||||||||| |
| 008 | 150406|1992||||xxc|||||o f|0| 0 fre|d |
| 040 | |aCaOODSP|bfre |
| 043 | |an-cn--- |
| 086 | 1 |aNH15-212/1992F-PDF |
| 110 | 2 |aSociété canadienne d'hypothèques et de logement. |
| 245 | 10|aLes femmes âgées : |h[ressource électronique]|bétude sur les besoins des femmes > âgées en matière de logement et de services de soutien / |cpar Kathleen et Timothy Brehaut. |
| 260 | |aOttawa - Ontario : |bSociété canadienne d'hypothèques et de logement |c1992. |
| 300 | |a132p.|btableaux |
| 490 | 1 |aRapport de recherche |
| 590 | |a12-25-Supp|b2012-06-04 |
| 720 | 1 |aHamilton, Kathleen |
| 720 | 1 |aBrehaut, Timothy |
| 775 | 08|tOlder women : |w(CaOODSP)9.569310 |
| 830 | #0|aResearch report (Société canadienne d'hypothèques et de logement : En ligne)|w(CaOODSP)9.502470 |
| 856 | 40|ahttp://publications.gc.ca|qPDF|s2 Mo|uhttps://publications.gc.ca/collections/collection_2011/schl-cmhc/nh18-1-2/NH15-212-1992-fra.pdf |